[Event "Budapest Vezerkepzo GM 04"]
[Site "Budapest"]
[Date "2025.04.26"]
[Round "7"]
[White "Deshpande, Aniruddha"]
[Black "Csiki, Endre"]
[Result "1/2-1/2"]
[WhiteElo "2327"]
[BlackElo "2282"]
[PlyCount "51"]
[EventDate "2025.04.22"]
[EventType "tourn"]
[EventRounds "9"]
[EventCountry "HUN"]
[EventCategory "6"]
[SourceTitle "CB20_2025"]
[SourceDate "2025.05.14"]
[SourceVersion "1"]
[SourceVersionDate "2025.05.14"]
[SourceQuality "1"]

1. d4 Nf6 2. Bf4 d5 3. e3 c5 4. c3 Nc6 5. Nd2 Bg4 6. Ngf3 e6 7. Qb3 Qc8 8. Ne5 Nxe5 9. Bxe5 Nd7 10. Bg3 Be7 11. c4 0-0 12. Bd3 cxd4 13. exd4 Bf6 14. 0-0 Nb6 15. Rac1 dxc4 16. Nxc4 Qd7 17. Nxb6 axb6 18. Be5 Bxe5 19. dxe5 Rac8 20. h3 Bh5 21. Be4 Be2 22. Rfe1 Qd2 23. Rb1 b5 24. Bxb7 Rc5 25. Qg3 Rc2 26. Qe3 1/2-1/2

[Event "HUN-ch U20"]
[Site "Budapest"]
[Date "2025.02.11"]
[Round "9"]
[White "Juhasz, Agoston Botond"]
[Black "Csiki, Endre"]
[Result "1/2-1/2"]
[WhiteElo "2425"]
[BlackElo "2288"]
[PlyCount "133"]
[EventDate "2025.02.03"]
[EventType "tourn"]
[EventRounds "9"]
[EventCountry "HUN"]
[EventCategory "4"]
[SourceTitle "CB07_2025"]
[SourceDate "2025.02.12"]
[SourceVersion "1"]
[SourceVersionDate "2025.02.12"]
[SourceQuality "1"]

1. e4 e5 2. Nf3 Nf6 3. d4 Nxe4 4. Bd3 d5 5. Nxe5 Nd7 6. 0-0 Nxe5 7. dxe5 Nc5 8. Be3 Nxd3 9. Qxd3 Be7 10. Nc3 c6 11. f4 g6 12. Ne2 Bf5 13. Qb3 Qc8 14. Ng3 b6 15. Nxf5 Qxf5 16. Qa4 b5 17. Qa6 Qd7 18. a4 bxa4 19. f5 gxf5 20. Rxf5 d4 21. Bf2 0-0 22. Qd3 Qe6 23. Rxa4 Rfd8 24. Rf3 Qxe5 25. Ra1 Bg5 26. Rf5 Qg7 27. Bg3 Be3+ 28. Kh1 Qg6 29. Raf1 Rd5 30. Rxf7 Qxd3 31. cxd3 Rc5 32. h4 Rc1 33. Rxc1 Bxc1 34. Rb7 Rf8 35. Be5 Rf1+ 36. Kh2 Bf4+ 37. Bxf4 Rxf4 38. Kg3 Rf5 39. Rxa7 Rb5 40. Rc7 Rxb2 41. Kf3 Rd2 42. Rxc6 Rxd3+ 43. Kf4 Rd2 44. g4 Ra2 45. Rd6 Ra4 46. Kf5 Kf7 47. Rd7+ Kg8 48. h5 Ra5+ 49. Ke4 Ra8 50. Rxd4 Rf8 51. Rd7 Rf1 52. Ke5 Rf2 53. h6 Rf1 54. Rg7+ Kh8 55. Rc7 Kg8 56. Rb7 Rf2 57. Ke6 Rf1 58. Rb5 Rf4 59. g5 Rf1 60. Ke7 Re1+ 61. Kd6 Rd1+ 62. Ke6 Re1+ 63. Re5 Rxe5+ 64. Kxe5 Kh8 65. Kf6 Kg8 66. Ke6 Kh8 67. Kf7 1/2-1/2

[Event "HUN-ch U20"]
[Site "Budapest"]
[Date "2025.02.09"]
[Round "7"]
[White "Kolimar, Kristof Pal"]
[Black "Csiki, Endre"]
[Result "1/2-1/2"]
[WhiteElo "2254"]
[BlackElo "2288"]
[PlyCount "79"]
[EventDate "2025.02.03"]
[EventType "tourn"]
[EventRounds "9"]
[EventCountry "HUN"]
[EventCategory "4"]
[SourceTitle "CB07_2025"]
[SourceDate "2025.02.12"]
[SourceVersion "1"]
[SourceVersionDate "2025.02.12"]
[SourceQuality "1"]

1. d4 d5 2. c4 e6 3. Nf3 Nf6 4. g3 Bb4+ 5. Bd2 Be7 6. Bg2 0-0 7. 0-0 Nbd7 8. Qc2 c6 9. Bf4 b6 10. Nbd2 Bb7 11. e4 dxe4 12. Nxe4 Nxe4 13. Qxe4 Nf6 14. Qe2 c5 15. Rad1 cxd4 16. Rxd4 Qc8 17. Ne5 a6 18. Rfd1 Re8 19. Bxb7 Qxb7 20. g4 Rad8 21. g5 Rxd4 22. Rxd4 Bc5 23. Rd3 Qe4 24. Qxe4 Nxe4 25. Be3 f6 26. gxf6 gxf6 27. Nd7 Kf7 28. Nxb6 Rb8 29. Na4 Bxe3 30. fxe3 e5 31. b3 Ke6 32. Rd5 Rg8+ 33. Kf1 Kf5 34. Rd1 Rg5 35. c5 Rh5 36. Kg2 Rg5+ 37. Kf3 Rh5 38. Kg2 Rg5+ 39. Kf1 Rh5 40. Kg2 1/2-1/2

[Event "HUN-ch U20"]
[Site "Budapest"]
[Date "2025.02.05"]
[Round "3"]
[White "Szegedy, Matyas"]
[Black "Csiki, Endre"]
[Result "1/2-1/2"]
[WhiteElo "2272"]
[BlackElo "2288"]
[PlyCount "96"]
[EventDate "2025.02.03"]
[EventType "tourn"]
[EventRounds "9"]
[EventCountry "HUN"]
[EventCategory "4"]
[SourceTitle "CB07_2025"]
[SourceDate "2025.02.12"]
[SourceVersion "1"]
[SourceVersionDate "2025.02.12"]
[SourceQuality "1"]

1. e4 c5 2. Nf3 d6 3. d4 cxd4 4. Qxd4 Nc6 5. Qe3 Nf6 6. Be2 g6 7. h3 Bg7 8. 0-0 0-0 9. Rd1 Qb6 10. Qxb6 axb6 11. Nc3 Nb4 12. a3 Na6 13. Nd4 Nc5 14. f3 Bd7 15. Be3 Rfc8 16. Rd2 Na4 17. Nxa4 Bxa4 18. b3 Be8 19. g4 Rc3 20. Kf2 Rxe3 21. Kxe3 e5 22. Nf5 gxf5 23. g5 f4+ 24. Kf2 Nd7 25. Rxd6 Bf8 26. Rd5 Bc5+ 27. Kf1 Nf8 28. c3 Bd7 29. b4 Bxh3+ 30. Ke1 Be3 31. a4 Be6 32. Rxe5 Ng6 33. Rb5 Rc8 34. a5 Rxc3 35. axb6 Kg7 36. Rba5 Nh4 37. Bd1 Bd4 38. R1a3 Re3+ 39. Kd2 Bxb6 40. Ra8 Ng6 41. Be2 Ne5 42. Rxe3 Bxe3+ 43. Kc3 b6 44. Rd8 f6 45. gxf6+ Kxf6 46. Rh8 Kg7 47. Re8 Kf7 48. Rh8 Kg7 1/2-1/2

[Event "HUN-ch U20"]
[Site "Budapest"]
[Date "2025.02.03"]
[Round "1"]
[White "Csiki, Endre"]
[Black "Palczert, Matyas"]
[Result "0-1"]
[WhiteElo "2288"]
[BlackElo "2409"]
[PlyCount "148"]
[EventDate "2025.02.03"]
[EventType "tourn"]
[EventRounds "9"]
[EventCountry "HUN"]
[EventCategory "4"]
[SourceTitle "CB07_2025"]
[SourceDate "2025.02.12"]
[SourceVersion "1"]
[SourceVersionDate "2025.02.12"]
[SourceQuality "1"]

1. d4 Nf6 2. c4 e6 3. Nc3 d5 4. cxd5 exd5 5. Bg5 c6 6. e3 h6 7. Bh4 Be7 8. Bd3 0-0 9. Nge2 Ne8 10. Bg3 Nd6 11. Qc2 Re8 12. 0-0 Bf8 13. Nf4 a5 14. Rae1 Na6 15. a3 Nc7 16. f3 Qf6 17. Kh1 Nf5 18. Bxf5 Bxf5 19. e4 Bh7 20. Qb3 Na6 21. exd5 c5 22. Ne4 Qxd4 23. Ne2 c4 24. Qxb7 Qa7 25. Qxa7 Rxa7 26. N2c3 Rd8 27. d6 Rb7 28. Rf2 f5 29. Nd2 Nc5 30. Nxc4 f4 31. Bxf4 Nd3 32. Rfe2 Nxf4 33. Re8 Rbd7 34. R1e5 Bd3 35. Nxa5 Rxe8 36. Rxe8 Rxd6 37. g3 Ne6 38. b4 Bg6 39. Rc8 Ng5 40. Nc4 Re6 41. Kg2 Bf5 42. g4 Re2+ 43. Nxe2 Bxc8 44. Nd4 Ne6 45. Nf5 Nf4+ 46. Kg3 Ne2+ 47. Kf2 Nc3 48. Ke3 Bd7 49. Kd3 Nb5 50. a4 Nc7 51. b5 Ne6 52. Nb6 Be8 53. Kc4 Bc5 54. Nc8 Bg1 55. b6 Nc5 56. a5 Kf8 57. Ncd6 Bd7 58. Nd4 Bxd4 59. Kxd4 Nb3+ 60. Ke5 Nxa5 61. b7 Nc6+ 62. Kd5 Nb8 63. Ke5 Bc6 64. f4 Nd7+ 65. Kf5 Bf3 66. h4 Bg2 67. g5 h5 68. Kg6 Bf3 69. Kh7 Bg4 70. f5 Be2 71. Nc8 Bd3 72. Kg6 Ne5+ 73. Kh7 Bxf5+ 74. g6 Bxg6+ 0-1

[Event "Budapest Kluger Memorial"]
[Site "Budapest"]
[Date "2024.09.04"]
[Round "8"]
[White "Csiki, Endre"]
[Black "Cardoso Cardoso, Jose Gabriel"]
[Result "0-1"]
[WhiteElo "2280"]
[BlackElo "2507"]
[PlyCount "90"]
[EventDate "2024.08.28"]
[EventType "tourn"]
[EventRounds "9"]
[EventCountry "HUN"]
[EventCategory "6"]
[SourceTitle "EXT 2025"]
[Source "ChessBase"]
[SourceDate "2024.10.14"]
[SourceVersion "1"]
[SourceVersionDate "2024.10.14"]
[SourceQuality "1"]

1. d4 Nf6 2. c4 e6 3. Nc3 Bb4 4. Qc2 c5 5. dxc5 Nc6 6. Nf3 Bxc5 7. e3 b6 8. Be2 Bb7 9. 0-0 Be7 10. b3 0-0 11. Bb2 a6 12. Rfd1 Rc8 13. Rac1 d6 14. Qd2 Nb8 15. Ba3 Ne8 16. Nd4 Nd7 17. Bf3 Qc7 18. Bxb7 Qxb7 19. Qe2 Nef6 20. Qf3 Qc7 21. Qg3 Rfe8 22. Bb2 Bf8 23. h3 Qb8 24. Qf3 Rc7 25. Ba3 Rec8 26. Qg3 d5 27. Bxf8 Nxf8 28. Nce2 dxc4 29. Rxc4 Rxc4 30. Qxb8 Rxb8 31. bxc4 Rc8 32. Rc1 N8d7 33. Nb3 Kf8 34. a4 a5 35. Ned4 Ne4 36. Nb5 Ndc5 37. Nxc5 Nxc5 38. Nc3 Ke7 39. Kf1 Nb3 40. Rc2 Rxc4 41. Ke2 Nc5 42. Kd2 Nxa4 43. Nxa4 Rxa4 44. Rc7+ Kf6 45. Rb7 Ra2+ 0-1

[Event "Budapest Kluger Memorial"]
[Site "Budapest"]
[Date "2024.08.30"]
[Round "4"]
[White "Csiki, Endre"]
[Black "Posthuma, Joshua G"]
[Result "1-0"]
[WhiteElo "2280"]
[BlackElo "2412"]
[PlyCount "101"]
[EventDate "2024.08.28"]
[EventType "tourn"]
[EventRounds "9"]
[EventCountry "HUN"]
[EventCategory "6"]
[SourceTitle "EXT 2025"]
[Source "ChessBase"]
[SourceDate "2024.10.14"]
[SourceVersion "1"]
[SourceVersionDate "2024.10.14"]
[SourceQuality "1"]

1. d4 Nf6 2. Bf4 d6 3. Nf3 Nbd7 4. e3 c5 5. c3 Nh5 6. Bg5 h6 7. Bh4 g5 8. Nfd2 Ng7 9. Bg3 Nf5 10. Bd3 Nxg3 11. hxg3 Bg7 12. Na3 d5 13. f4 Qb6 14. Rb1 Nf6 15. Nf3 Ne4 16. Bxe4 dxe4 17. Ne5 cxd4 18. exd4 gxf4 19. Nac4 Qa6 20. gxf4 Be6 21. Ne3 0-0-0 22. Qe2 Qxe2+ 23. Kxe2 f6 24. Ng6 Rhe8 25. f5 Bxa2 26. Ra1 Bf7 27. Nf4 a6 28. Ne6 Bxe6 29. fxe6 Rg8 30. g4 Bf8 31. d5 Rg5 32. c4 Kc7 33. c5 Rgxd5 34. Nxd5+ Rxd5 35. Rh5 Rg5 36. Rxg5 fxg5 37. Rd1 Kc6 38. b4 Bg7 39. Rd7 Bf6 40. Ke3 Bc3 41. b5+ axb5 42. Rxe7 b4 43. Rxb7 Kxb7 44. e7 Kc6 45. e8Q+ Kxc5 46. Qc8+ Kd5 47. Qb7+ Kc5 48. Kxe4 Be1 49. Qd5+ Kb6 50. Kd3 Bg3 51. Ke4 1-0

[Event "HUN-chT 2324"]
[Site "Hungary"]
[Date "2024.04.21"]
[Round "7.5"]
[White "Csiki, Endre"]
[Black "Istvanovszky, Martin"]
[Result "1/2-1/2"]
[WhiteElo "2387"]
[BlackElo "2343"]
[PlyCount "60"]
[EventDate "2023.10.28"]
[EventType "team-tourn"]
[EventRounds "9"]
[EventCountry "HUN"]
[SourceTitle "EXT 2025"]
[Source "ChessBase"]
[SourceDate "2024.10.14"]
[SourceVersion "1"]
[SourceVersionDate "2024.10.14"]
[SourceQuality "1"]
[WhiteTeam "Dunaharaszti"]
[BlackTeam "Kekes"]
[WhiteTeamCountry "HUN"]
[BlackTeamCountry "HUN"]

1. e4 c5 2. Nf3 d6 3. d4 cxd4 4. Nxd4 Nf6 5. Nc3 g6 6. Be3 Nc6 7. f3 h5 8. Qd2 Nxd4 9. Bxd4 Bh6 10. Be3 Bxe3 11. Qxe3 Be6 12. 0-0-0 Qa5 13. Kb1 Rc8 14. a3 0-0 15. Qd2 Kg7 16. Bd3 Bc4 17. Bxc4 Rxc4 18. Nd5 Qxd2 19. Rxd2 Nxd5 20. Rxd5 Rfc8 21. c3 R8c7 22. Kc2 a6 23. Re1 b5 24. Re3 Kf6 25. g3 Rb7 26. Kd3 Rbc7 27. Kd2 Rc8 28. Ke2 R8c7 29. Kd2 Rc8 30. Ke2 R8c7 1/2-1/2

[Event "Budapest FS02 IM-2"]
[Site "Budapest"]
[Date "2024.02.20"]
[Round "5"]
[White "Csiki, Endre"]
[Black "Balint, Vilmos"]
[Result "1-0"]
[WhiteElo "2313"]
[BlackElo "2191"]
[PlyCount "57"]
[EventDate "2024.02.15"]
[EventType "tourn"]
[EventRounds "9"]
[EventCountry "HUN"]
[EventCategory "4"]
[SourceTitle "CBM 218 Extra"]
[Source "ChessBase"]
[SourceDate "2024.03.31"]
[SourceVersion "1"]
[SourceVersionDate "2024.03.31"]
[SourceQuality "1"]

1. e4 c5 2. Nf3 a6 3. c3 e6 4. d4 d5 5. exd5 exd5 6. Be2 Nf6 7. 0-0 Nc6 8. Re1 cxd4 9. Nxd4 Be7 10. Be3 0-0 11. Nd2 Ne5 12. N4f3 Ng6 13. Qb3 Qc7 14. Bb6 Qb8 15. Bd4 Rd8 16. Bd3 Bd6 17. c4 Be6 18. c5 Bf4 19. Qc3 Bh6 20. Bxg6 hxg6 21. Bxf6 gxf6 22. Qxf6 Qc7 23. Nb3 Re8 24. Nbd4 Bg7 25. Qh4 Bd7 26. b4 Re4 27. Rxe4 dxe4 28. Ng5 Ba4 29. Qh7+ 1-0

[Event "Budapest Vezerkepzo Autumn GM"]
[Site "Budapest"]
[Date "2023.10.25"]
[Round "7"]
[White "Csiki, Endre"]
[Black "Ochs, Daniel Elias"]
[Result "1-0"]
[WhiteElo "2387"]
[BlackElo "2300"]
[PlyCount "97"]
[EventDate "2023.10.19"]
[EventType "tourn"]
[EventRounds "9"]
[EventCountry "HUN"]
[EventCategory "6"]
[SourceTitle "CBM 216 Extra"]
[Source "ChessBase"]
[SourceDate "2023.11.30"]
[SourceVersion "1"]
[SourceVersionDate "2023.11.30"]
[SourceQuality "1"]

1. d4 e6 2. e4 d5 3. Nd2 c5 4. Ngf3 cxd4 5. exd5 Qxd5 6. Bc4 Qd6 7. 0-0 Nf6 8. Nb3 Nc6 9. Nbxd4 Nxd4 10. Nxd4 a6 11. c3 Bd7 12. Qe2 Qc7 13. h3 Be7 14. Bg5 0-0 15. Bd3 Rfe8 16. Rfe1 Rad8 17. Bc2 Qc5 18. Be3 Qc8 19. Qf3 b5 20. a3 e5 21. Nf5 Bxf5 22. Bxf5 Qc7 23. a4 Nd5 24. axb5 Nxe3 25. Qxe3 Bc5 26. Qe2 axb5 27. Qxb5 g6 28. Be4 Re6 29. Red1 Rb8 30. Qxb8+ Qxb8 31. Ra8 Qxa8 32. Bxa8 Ra6 33. Bd5 Ba7 34. Kf1 Kf8 35. Ke2 Ke7 36. b4 Ra3 37. Kd2 f5 38. f3 h5 39. Kc2 g5 40. Kb2 Ra6 41. Ra1 Rxa1 42. Kxa1 Kf6 43. Bb7 Ke6 44. Kb2 Bf2 45. Kb3 Kd6 46. c4 e4 47. fxe4 f4 48. e5+ Kxe5 49. Bf3 1-0

[Event "Budapest Vezerkepzo Autumn GM"]
[Site "Budapest"]
[Date "2023.10.24"]
[Round "6"]
[White "Vincenti, Leonardo"]
[Black "Csiki, Endre"]
[Result "1/2-1/2"]
[WhiteElo "2196"]
[BlackElo "2387"]
[PlyCount "53"]
[EventDate "2023.10.19"]
[EventType "tourn"]
[EventRounds "9"]
[EventCountry "HUN"]
[EventCategory "6"]
[SourceTitle "CBM 216 Extra"]
[Source "ChessBase"]
[SourceDate "2023.11.30"]
[SourceVersion "1"]
[SourceVersionDate "2023.11.30"]
[SourceQuality "1"]

1. e4 c5 2. Nf3 d6 3. c3 Nf6 4. h3 g6 5. Bd3 Bg7 6. Bc2 0-0 7. d4 Nc6 8. 0-0 e5 9. dxc5 dxc5 10. Qxd8 Rxd8 11. Be3 b6 12. Nbd2 Ba6 13. Rfe1 h6 14. Ba4 b5 15. Bc2 c4 16. Nf1 Nh5 17. g3 Bc8 18. Kh2 Be6 19. Rad1 Nf6 20. Nh4 g5 21. Nf5 Bxf5 22. exf5 e4 23. Bd4 Nxd4 24. cxd4 Rd7 25. Nd2 Rxd4 26. Nxe4 Nxe4 27. Bxe4 1/2-1/2

[Event "Budapest Vezerkepzo Pentecost GM2"]
[Site "Budapest"]
[Date "2023.05.24"]
[Round "7"]
[White "Csiki, Endre"]
[Black "Vagman, Roy"]
[Result "1-0"]
[WhiteElo "2384"]
[BlackElo "2273"]
[PlyCount "79"]
[EventDate "2023.05.18"]
[EventType "tourn"]
[EventRounds "9"]
[EventCountry "HUN"]
[EventCategory "6"]
[SourceTitle "CBM 214 Extra"]
[Source "ChessBase"]
[SourceDate "2023.07.31"]
[SourceVersion "1"]
[SourceVersionDate "2023.07.31"]
[SourceQuality "1"]

1. d4 Nf6 2. c4 c5 3. d5 g6 4. Nc3 Bg7 5. e4 d6 6. f3 0-0 7. Nge2 e6 8. Ng3 exd5 9. cxd5 a6 10. a4 Nbd7 11. Be2 h5 12. Bg5 Qb6 13. Qd2 Re8 14. a5 Qc7 15. 0-0 b5 16. axb6 Nxb6 17. f4 Nh7 18. Bh4 Bh6 19. Qd1 Bd7 20. e5 dxe5 21. d6 Qb7 22. Bf3 Bc6 23. Bxc6 Qxc6 24. f5 Be3+ 25. Kh1 Bf4 26. fxg6 fxg6 27. Nge4 Kg7 28. Ra5 Nd7 29. Nd5 Rf8 30. Nxf4 Rxf4 31. Rxf4 exf4 32. Nxc5 f3 33. Qxf3 Rf8 34. Qc3+ Kg8 35. Qc4+ Rf7 36. h3 g5 37. Bf2 Ne5 38. Qe6 Nc4 39. Qxc4 Qxd6 40. Rxa6 1-0

[Event "Budapest Vezerkepzo Pentecost GM2"]
[Site "Budapest"]
[Date "2023.05.23"]
[Round "6"]
[White "Royal, Shreyas"]
[Black "Csiki, Endre"]
[Result "1/2-1/2"]
[WhiteElo "2427"]
[BlackElo "2384"]
[PlyCount "46"]
[EventDate "2023.05.18"]
[EventType "tourn"]
[EventRounds "9"]
[EventCountry "HUN"]
[EventCategory "6"]
[SourceTitle "CBM 214 Extra"]
[Source "ChessBase"]
[SourceDate "2023.07.31"]
[SourceVersion "1"]
[SourceVersionDate "2023.07.31"]
[SourceQuality "1"]

1. d4 d5 2. c4 e6 3. Nf3 Nf6 4. Nc3 Bb4 5. Qa4+ Nc6 6. e3 0-0 7. Qc2 Bd6 8. c5 Be7 9. Bb5 Nb8 10. b4 c6 11. Be2 b6 12. a3 a5 13. Bb2 Ba6 14. 0-0 Bxe2 15. Nxe2 Nbd7 16. Nf4 Qc8 17. Nd2 bxc5 18. bxc5 Bd8 19. Nd3 Bc7 20. f4 Ng4 21. Rf3 f5 22. h3 Ngf6 23. Nf2 Qa6 1/2-1/2

[Event "Budapest Vezerkepzo Pentecost GM2"]
[Site "Budapest"]
[Date "2023.05.22"]
[Round "5"]
[White "Csiki, Endre"]
[Black "Neverov, Valeriy"]
[Result "1/2-1/2"]
[WhiteElo "2384"]
[BlackElo "2427"]
[PlyCount "28"]
[EventDate "2023.05.18"]
[EventType "tourn"]
[EventRounds "9"]
[EventCountry "HUN"]
[EventCategory "6"]
[SourceTitle "CBM 214 Extra"]
[Source "ChessBase"]
[SourceDate "2023.07.31"]
[SourceVersion "1"]
[SourceVersionDate "2023.07.31"]
[SourceQuality "1"]

1. d4 d5 2. Bf4 Nf6 3. e3 g6 4. Nf3 Bg7 5. Be2 c5 6. c3 Nc6 7. Nbd2 Qb6 8. Qb3 c4 9. Qxb6 axb6 10. 0-0 b5 11. b3 Ra3 12. Ne1 Ra8 13. Nef3 Ra3 14. Ne1 Ra8 1/2-1/2

[Event "Budapest Vezerkepzo Pentecost GM2"]
[Site "Budapest"]
[Date "2023.05.21"]
[Round "4"]
[White "Krishnan, Varun"]
[Black "Csiki, Endre"]
[Result "1/2-1/2"]
[WhiteElo "2341"]
[BlackElo "2384"]
[PlyCount "48"]
[EventDate "2023.05.18"]
[EventType "tourn"]
[EventRounds "9"]
[EventCountry "HUN"]
[EventCategory "6"]
[SourceTitle "CBM 214 Extra"]
[Source "ChessBase"]
[SourceDate "2023.07.31"]
[SourceVersion "1"]
[SourceVersionDate "2023.07.31"]
[SourceQuality "1"]

1. e4 e5 2. Nf3 Nc6 3. d4 exd4 4. Nxd4 Nf6 5. Nxc6 bxc6 6. e5 Qe7 7. Qe2 Nd5 8. c4 Nb6 9. Nc3 Qe6 10. Qe4 g6 11. Bd3 Ba6 12. b3 Bg7 13. f4 0-0 14. Ba3 Rfe8 15. 0-0 f5 16. Qf3 d6 17. c5 Bxd3 18. Qxd3 Nc8 19. Rfe1 dxc5 20. Bxc5 Ne7 21. Rad1 g5 22. Ne2 Bxe5 23. Nd4 Qd5 24. Rxe5 Qxe5 1/2-1/2

[Event "Budapest Vezerkepzo GM 04"]
[Site "Budapest"]
[Date "2023.04.21"]
[Round "9"]
[White "Kulaots, Kaido"]
[Black "Csiki, Endre"]
[Result "1/2-1/2"]
[WhiteElo "2494"]
[BlackElo "2358"]
[PlyCount "34"]
[EventDate "2023.04.13"]
[EventType "tourn"]
[EventRounds "9"]
[EventCountry "HUN"]
[EventCategory "6"]
[SourceTitle "CBM 213 Extra"]
[Source "ChessBase"]
[SourceDate "2023.05.31"]
[SourceVersion "1"]
[SourceVersionDate "2023.05.31"]
[SourceQuality "1"]

1. e4 c5 2. Nf3 d6 3. d4 cxd4 4. Nxd4 Nf6 5. Nc3 a6 6. Bg5 e6 7. f4 Be7 8. Qf3 Qc7 9. 0-0-0 Nbd7 10. g4 h6 11. Qh3 Rg8 12. Bxf6 Bxf6 13. e5 dxe5 14. Nxe6 Qc6 15. Bg2 Qxe6 16. Rhe1 Nb6 17. f5 Qc4 1/2-1/2

[Event "Budapest Vezerkepzo GM 04"]
[Site "Budapest"]
[Date "2023.04.20"]
[Round "8"]
[White "Csiki, Endre"]
[Black "Arhan, Chethan Anand"]
[Result "1-0"]
[WhiteElo "2358"]
[BlackElo "2285"]
[PlyCount "79"]
[EventDate "2023.04.13"]
[EventType "tourn"]
[EventRounds "9"]
[EventCountry "HUN"]
[EventCategory "6"]
[SourceTitle "CBM 213 Extra"]
[Source "ChessBase"]
[SourceDate "2023.05.31"]
[SourceVersion "1"]
[SourceVersionDate "2023.05.31"]
[SourceQuality "1"]

1. e4 c5 2. Nf3 d6 3. d4 cxd4 4. Nxd4 Nf6 5. Nc3 Nc6 6. Bg5 e6 7. Qd3 Be7 8. 0-0-0 0-0 9. h4 a6 10. f4 Bd7 11. Kb1 b5 12. Nf3 b4 13. Bxf6 Bxf6 14. e5 dxe5 15. Ng5 g6 16. Nce4 Be8 17. Qf3 Qe7 18. h5 Bg7 19. Nxh7 f5 20. Neg5 e4 21. Qh3 Rd8 22. Bc4 gxh5 23. Nxf8 Qf6 24. c3 bxc3 25. Qxc3 Qxc3 26. bxc3 Rb8+ 27. Kc2 Na5 28. Nd7 Bxd7 29. Bxe6+ Bxe6 30. Nxe6 Nc4 31. Rd7 Rb2+ 32. Kc1 Bxc3 33. Rxh5 Bd2+ 34. Kd1 Bc3 35. Rg5+ Kh8 36. Rh5+ Kg8 37. Rh3 Rb1+ 38. Kc2 Na3+ 39. Kxc3 Nb5+ 40. Kc2 1-0

[Event "Budapest Vezerkepzo GM 04"]
[Site "Budapest"]
[Date "2023.04.17"]
[Round "5"]
[White "Ilamparthi, AR."]
[Black "Csiki, Endre"]
[Result "0-1"]
[WhiteElo "2408"]
[BlackElo "2358"]
[PlyCount "136"]
[EventDate "2023.04.13"]
[EventType "tourn"]
[EventRounds "9"]
[EventCountry "HUN"]
[EventCategory "6"]
[SourceTitle "CBM 213 Extra"]
[Source "ChessBase"]
[SourceDate "2023.05.31"]
[SourceVersion "1"]
[SourceVersionDate "2023.05.31"]
[SourceQuality "1"]

1. e4 c5 2. Nf3 d6 3. d4 cxd4 4. Nxd4 Nf6 5. Nc3 a6 6. Rg1 e5 7. Nb3 h5 8. Be3 Be7 9. h3 Be6 10. Qd2 Nbd7 11. 0-0-0 Rc8 12. f4 b5 13. Bd3 Qc7 14. Kb1 Nb6 15. Qf2 Nc4 16. Bxc4 Qxc4 17. f5 Bd7 18. Nd2 Qc6 19. g4 hxg4 20. hxg4 b4 21. Nd5 Qxc2+ 22. Ka1 Nxd5 23. exd5 Rh3 24. Ba7 Bh4 25. Qb6 Rd3 26. Qxb4 Bg5 27. Qxd6 Rxd2 28. Rb1 Qc7 29. Qxc7 Rxc7 30. Bb8 Rb7 31. Bxe5 f6 32. Bd6 Rxd5 33. Rbe1+ Kf7 34. Ba3 Re5 35. Rd1 Be3 36. Rge1 Bf2 37. Rh1 Bc5 38. Bxc5 Rxc5 39. b3 Re5 40. Rd6 Bb5 41. Rhd1 Rbe7 42. a4 Be2 43. Rg1 a5 44. Kb2 Rb7 45. Rg3 Re4 46. g5 fxg5 47. Rxg5 Rg4 48. Rxg4 Bxg4 49. Rd5 Kf6 50. Rxa5 Bd1 51. Ra6+ Kxf5 52. Rd6 Bxb3 53. a5 Bd5+ 54. Kc3 Bf3 55. a6 Re7 56. Kd2 g5 57. Rd8 g4 58. a7 Rxa7 59. Ke3 Ra2 60. Rf8+ Kg5 61. Rg8+ Kh4 62. Kf4 Ra4+ 63. Ke3 Kg3 64. Rh8 Re4+ 65. Kd3 Re7 66. Kd2 Kg2 67. Rh6 g3 68. Rh8 Kf2 0-1